Manažment projektov

Salvato in:
Dettagli Bibliografici
Autore principale: Dupaľ, Andrej
Ente Autore: Ekonomická univerzita v Bratislave. Fakulta podnikového manažmentu
Altri autori: Majtán, Miroslav
Natura: Libro
Lingua:slovacco
Pubblicazione: Bratislava Vydavateľstvo EKONÓM 2003
Soggetti:
Tags: Aggiungi Tag
Nessun Tag, puoi essere il primo ad aggiungerne!!

MARC

LEADER 00000nam$a2200000$$$4500
001 0006618
005 20240502071351.2
020 |a 80-225-1776-3 
041 0 |a slo 
044 |a SK 
245 1 0 |a Manažment projektov  |c Andrej Dupaľ, Miroslav Majtán 
264 1 |a Bratislava  |b Vydavateľstvo EKONÓM  |c 2003 
300 |a 201 s. 
610 2 0 |a manažment 
610 2 0 |a riadenie projektové 
610 2 0 |a projekty 
610 2 0 |a plánovanie projektové 
610 2 0 |a stratégia podniková 
610 2 0 |a projektovanie 
610 2 0 |a inovácia 
610 2 0 |a riadenie kvality 
610 2 0 |a logistika integrovaná 
610 2 0 |a efektívnosť 
100 1 |a Dupaľ, Andrej 
700 1 |a Majtán, Miroslav 
710 2 |a Ekonomická univerzita v Bratislave. Fakulta podnikového manažmentu